Los mayas en su esplendor (Record no. 122647)

MARC details
000 -LEADER
campo de control de longitud fija 00742nam a2200217 i 4500
001 - NÚMERO DE CONTROL
campo de control 122647
003 - IDENTIFICADOR DE NÚMERO DE CONTROL
campo de control ES-MaACL
005 - FECHA Y HORA DE LA ÚLTIMA TRANSACCIÓN
campo de control 20250812031624.0
007 - CAMPO FIJO DE DESCRIPCIÓN FÍSICA--INFORMACIÓN GENERAL
campo de control de longitud fija t|
008 - DATOS DE LONGITUD FIJA--INFORMACIÓN GENERAL
campo de control de longitud fija 070214s1955 mx af |||| | spa d
080 ## - NÚMERO DE LA CLASIFICACIÓN DECIMAL UNIVERSAL
Número de la Clasificación Decimal Universal 7(399.7)
100 1# - ENTRADA PRINCIPAL--NOMBRE DE PERSONA
Nombre de persona Puig, Pilar.
9 (RLIN) 94242
245 14 - MENCIÓN DEL TÍTULO
Título Los mayas en su esplendor
Resto del título : colección de 29 dibujos originales del viejo imperio maya /
Mención de responsabilidad, etc. con pies y texto de la pintora Pilar Puig ; prólogo de Vladimiro Rosado Ojeda.
260 ## - PUBLICACIÓN, DISTRIBUCIÓN, ETC.
Lugar de publicación, distribución, etc. México :
Nombre del editor, distribuidor, etc. Fournier :
-- Universidad,
Fecha de publicación, distribución, etc. 1955.
300 ## - DESCRIPCIÓN FÍSICA
Extensión 21 p., 29 lám. :
Otras características físicas il. ;
Dimensiones 33 cm.
650 #7 - PUNTO DE ACCESO ADICIONAL DE MATERIA--TÉRMINO DE MATERIA
Término de materia o nombre geográfico como elemento de entrada Arte maya
Fuente del encabezamiento o término embne
9 (RLIN) 144925
650 04 - PUNTO DE ACCESO ADICIONAL DE MATERIA--TÉRMINO DE MATERIA
Término de materia o nombre geográfico como elemento de entrada Mayas.
9 (RLIN) 146359
700 1# - ENTRADA AGREGADA--NOMBRE PERSONAL
Nombre de persona Rosado Ojeda, Vladimiro.
9 (RLIN) 99628
852 ## - LOCALIZACIÓN
Ubicación ES-MaACL
Número de control de estantería C-11150
Holdings
Estatus retirado Estado de pérdida Estado de daño No para préstamo Biblioteca de origen Biblioteca actual Ubicación en estantería Fecha de adquisición Fuente de adquisición Total de préstamos Signatura topográfica completa Código de barras Visto por última vez Precio de reemplazo Tipo de ítem Koha
        Biblioteca del Ateneo de Madrid Biblioteca del Ateneo de Madrid Sala Palomar 17/01/2008     C-11150 1127800 23/02/2023 23/02/2023 Libro impreso